<?xml version="1.0" encoding="UTF-8"?>
<record
    xmlns:xsi="http://www.w3.org/2001/XMLSchema-instance"
    xsi:schemaLocation="http://www.loc.gov/MARC21/slim http://www.loc.gov/standards/marcxml/schema/MARC21slim.xsd"
    xmlns="http://www.loc.gov/MARC21/slim">

  <leader>01047naa a22002057i 4500</leader>
  <controlfield tag="001">7912</controlfield>
  <controlfield tag="003">KOSZ 005</controlfield>
  <controlfield tag="005">20180308125457.0</controlfield>
  <controlfield tag="008">160308s2002    pl  |||f| ||||1|| 0 pol  </controlfield>
  <datafield tag="035" ind1=" " ind2=" ">
    <subfield code="a">PBN-R:468892</subfield>
  </datafield>
  <datafield tag="040" ind1=" " ind2=" ">
    <subfield code="c">KOSZ 005/md</subfield>
    <subfield code="a">PBN-ID</subfield>
    <subfield code="d">KOSZ 005/HR</subfield>
  </datafield>
  <datafield tag="041" ind1="0" ind2=" ">
    <subfield code="a">pol</subfield>
  </datafield>
  <datafield tag="100" ind1="1" ind2=" ">
    <subfield code="a">WALLIS, Anna.</subfield>
    <subfield code="b">Politechnika Koszali&#x144;ska - Instytut Ekonomii i Zarz&#x105;dzania,</subfield>
    <subfield code="d">1996 - .</subfield>
  </datafield>
  <datafield tag="245" ind1="1" ind2="0">
    <subfield code="a">Znaczenie systemu informatycznego w przep&#x142;ywie informacji w szpitalu /</subfield>
    <subfield code="c">Anna Wallis, Beata Zaleska.</subfield>
  </datafield>
  <datafield tag="655" ind1=" " ind2="0">
    <subfield code="a">Materia&#x142;y konferencyjne</subfield>
  </datafield>
  <datafield tag="700" ind1="1" ind2=" ">
    <subfield code="a">ZALESKA, Beata.</subfield>
    <subfield code="b">Politechnika Koszali&#x144;ska - Instytut Ekonomii i Zarz&#x105;dzania,</subfield>
    <subfield code="d">1996 - .</subfield>
  </datafield>
  <datafield tag="711" ind1="2" ind2="2">
    <subfield code="a">KSW 2002</subfield>
    <subfield code="n">(8 ;</subfield>
    <subfield code="d">2002 ;</subfield>
    <subfield code="c">Bydgoszcz / Ciechocinek)</subfield>
  </datafield>
  <datafield tag="773" ind1="0" ind2=" ">
    <subfield code="i">W:</subfield>
    <subfield code="t">Wspomaganie decyzji - integracja system&#xF3;w : VIII konferencja z cyklu Komputerowe Systemy Wielodost&#x119;pne  KSW'2002, Bydgoszcz - Ciechocinek 2002 / red. Ludos&#x142;aw Drelichowski. -</subfield>
    <subfield code="d">Bydgoszcz - Ciechocinek : Akademia Techniczno-Rolnicza w Bydgoszczy, 2002. -</subfield>
    <subfield code="g">s. 189-192</subfield>
    <subfield code="x">8390859998</subfield>
  </datafield>
  <datafield tag="942" ind1=" " ind2=" ">
    <subfield code="c">ROZ</subfield>
    <subfield code="2">UKD</subfield>
  </datafield>
  <datafield tag="999" ind1=" " ind2=" ">
    <subfield code="c">7912</subfield>
    <subfield code="d">7912</subfield>
  </datafield>
</record>
